Sbírka současného umění :

Main Author: Zoubek, Václav, 1953-
Corporate Author: Rabasova galerie (Rakovník, Česko)
Language: Czech
Published: V Rakovníku : Rabasova galerie, 2025
Subjects:
Physical Description: 18 nečíslovaných stran : ilustrace (převážně barevné) ; 21 cm
Book
Saved in:
LEADER 02023nam a2200553 i 4500
001 nkc20253671823
003 CZ PrNK
005 20250528074237.0
007 ta
008 250425s2025 xr a e c 000 0dcze
020 |a 978-80-88454-64-9  |q (brožováno) 
040 |a ABA001  |b cze  |e rda 
043 |a e-xr--- 
045 |a x-y- 
072 7 |a 72/76  |x Výtvarné umění  |2 Konspekt  |9 21 
080 |a 72/76(437.3)  |2 MRF 
080 |a 7.036/.038  |2 MRF 
080 |a 72/76:069.5  |2 MRF 
080 |a 069.5-027.551  |2 MRF 
080 |a (437.3)  |2 MRF 
080 |a (083.824)  |2 MRF 
100 1 |a Zoubek, Václav,  |d 1953-  |7 jo2002112328  |4 aut 
245 1 0 |a Sbírka současného umění :  |c Rabasova galerie, Rakovník 
264 1 |a V Rakovníku :  |b Rabasova galerie,  |c 2025 
300 |a 18 nečíslovaných stran :  |b ilustrace (převážně barevné) ;  |c 21 cm 
336 |a text  |b txt  |2 rdacontent 
336 |a statický obraz  |b sti  |2 rdacontent 
337 |a bez média  |b n  |2 rdamedia 
338 |a svazek  |b nc  |2 rdacarrier 
500 |a Název z obálky 
500 |a Katalog výstavy v Rabasově galerii v Rakovníku 
500 |a 50 výtisků 
648 7 |a 20.-21. století  |7 ch462155  |2 czenas 
650 0 7 |a české výtvarné umění  |7 ph116865  |y 20.-21. století  |2 czenas 
650 0 7 |a moderní umění  |7 ph115340  |z Česko  |2 czenas 
650 0 7 |a umělecké sbírky  |7 ph135222  |z Česko  |2 czenas 
650 0 7 |a soukromé sbírky  |7 ph135214  |z Česko  |2 czenas 
650 0 9 |a Czech art  |y 20th-21st centuries  |2 eczenas 
650 0 9 |a modern art  |z Czechia  |2 eczenas 
650 0 9 |a art collections  |z Czechia  |2 eczenas 
650 0 9 |a private collections  |z Czechia  |2 eczenas 
655 7 |a katalogy výstav  |7 fd132536  |2 czenas 
655 9 |a exhibition catalogs  |2 eczenas 
710 2 |a Rabasova galerie (Rakovník, Česko)  |7 ko2002161939  |4 orm  |4 isb 
910 2 |a BOA001  |b 2-1530.162 
990 |a BK 
995 |a 11 
991 |b 202505  |c NOV 
996 6 |b 2611001817  |c 2-1530.162  |l MZK  |r Sklad / do 1 hodiny  |n 0  |p p.v.  |w 002003854  |u 000010  |a 1  |e BOA001  |j MZK50  |s P